Statistics for Norges statsministre siden 1884

Click here to take the quiz!

General Stats

  • This quiz has been taken 34 times
    (22 since last reset)
  • The average score is 33 of 57

Answer Stats

PeriodeStatsminister/RegjeringsstrukturParti/Koalisjon% Correct
2020-2021Erna SolbergH, V, KrF
100%
2019-2020Erna SolbergH, FrP, V, KrF
100%
2018-2019Erna SolbergH, FrP, V
100%
2013-2018Erna SolbergH, FrP
100%
2021-Jonas Gahr StøreAp, Sp
100%
1981Gro Harlem Brundtland IArbeiderpartiet
90%
1986-1989Gro Harlem Brundtland IIArbeiderpartiet
90%
1990-1996Gro Harlem Brundtland IIIArbeiderpartiet
90%
2000-2001Jens Stoltenberg IArbeiderpartiet
90%
2005-2013Jens Stoltenberg IIAp, SV, Sp
90%
1945Einar Gerhardsen ISamlingsregjering
70%
1945-1951Einar Gerhardsen IIArbeiderpartiet
70%
1955-1963Einar Gerhardsen IIIArbeiderpartiet
70%
1963-1965Einar Gerhardsen IVArbeiderpartiet
70%
1935-1945Johan NygaardsvoldArbeiderpartiet
70%
1983-1986Kåre WillochH, KrF, Sp
70%
1981-1983Kåre WillochHøyre
70%
1997-2000Kjell Magne Bondevik IKrF, Sp, V
70%
2001-2005Kjell Magne Bondevik IIKrF, H, V
70%
1996-1997Thorbjørn JaglandArbeiderpartiet
70%
1928Christopher HornsrudArbeiderpartiet
60%
1989-1990Jan Peder SyseH, KrF, Sp
60%
1963John LyngH, Sp, V, KrF
60%
1972-1973Lars KorvaldKrF, Sp, V
60%
1976-1981Odvar NordliArbeiderpartiet
60%
1951-1955Oscar TorpArbeiderpartiet
60%
1965-1971Per BortenSp, H, KrF, V
60%
1971-1972Trygve Bratteli IArbeiderpartiet
60%
1973-1976Trygve Bratteli IIArbeiderpartiet
60%
(1942-1945)Vidkun QuislingNasjonal Samling
60%
(1940)Vidkun QuislingNasjonal Samling
60%
1905-1907Christian MichelsenS, MV, H, V
50%
1889-1891Emil Stang IHøyre
50%
1893-1895Emil Stang IIHøyre
50%
1926-1928Ivar LykkeH, FV
50%
1924-1926Johan Ludwig Mowinckel IVenstre
50%
1933-1935Johan Ludwig Mowinckel IIIVenstre
50%
1928-1931Johann Ludwig Mowinckel IIVenstre
50%
(1940-1942)Josef TerbovenN/A
50%
1910-1912Wollert KonowFV, H
50%
1895-1898Francis Hagerup IH, MV, V
40%
1903-1905Francis Hagerup IIH, S, V
40%
1908-1910Gunnar Knudsen IVenstre
40%
1913-1920Gunnar Knudsen IIVenstre
40%
1912-1913Jens BratlieH, FV
40%
1932-1933Jens HundseidBondepartiet
40%
1920-1921Otto Bahr Halvorsen IH, FV
40%
1923Otto Bahr Halvorsen IIH, FV
40%
1902-1903Otto Blehr IVenstre
40%
1921-1923Otto Blehr IIVenstre
40%
(1940)AdministrasjonsrådetN/A
30%
1884-1889Johan SverdrupVenstre
30%
1923-1924Abraham Theodor BergeFV, H
20%
1907-1908Jørgen LøvlandV, MV
20%
1931-1932Peder KolstadBondepartiet
20%
1898-1902Johannes Steen IVenstre
10%
1891-1893Johannes Steen IVenstre
10%

Score Distribution

Percentile by Number Answered

Percent of People with Each Score

Your Score History

You have not taken this quiz since the last reset